Statistics for Nazi germany or empire of Italy or imperial Japan

Click here to take the quiz!

General Stats

  • This quiz has been taken 77 times
  • The average score is 6 of 15

Answer Stats

QuestionAnswer% Correct
Which of these countries had larger armyNazi germany
85%
Which of these Became dictatorship in 1922Empire of Italy
70%
Lira, was the currency of.....Empire of Italy
68%
Haves only 2 500 tanksEmpire of Italy
56%
This country made most of hiw money From money printingNazi germany
48%
This country had only 80 submarines during WW2Empire of Italy
47%
The country died at 1945Nazi germany
41%
This country was more than 3% of worlds landImperial Japan
40%
Most of Germans wereProtestants
37%
Which country lost the most land area after WW2Imperial Japan
33%
Which country had larger population?Nazi germany
32%
Which of these countries has won 63% of their battlesImperial Japan
27%
Haves over 300 million peopleNazi germany
27%
This country had only 5 divisonsImperial Japan
16%
Who found the Italian empireAdolf Hitler
7%

Score Distribution

Percentile by Number Answered

Percent of People with Each Score

Your Score History

You have not taken this quiz